000
00316nam a22001337a 4500
008
180310b xxu||||| |||| 00| 0 eng d
020
_a
0910990646
041
_a
eng
080
_a
621
100
_a
27
101
_a
MEK
245
_a
Guide to Basic Auto Repair and Maintenance
_c
Popular Mechanics
942
_2
udc
_c
BK
999
_c
44654
_d
44654